| 000 | 01073cam a2200349 a 4500 | ||
|---|---|---|---|
| 001 | 52804 | ||
| 005 | 20230404130051.0 | ||
| 008 | 030915s2002 cu b 000 0 spa c | ||
| 010 | _a 2003423251 | ||
| 035 | _a(OCoLC)ocm53027009 | ||
| 040 |
_aGZM _cGZM _dJPG _dDLC _dOCL |
||
| 020 | _a9591007035 (pbk.) | ||
| 020 | _a9789591007032 (pbk.) | ||
| 041 | 0 |
_aspa _aeng |
|
| 042 | _apcc | ||
| 043 |
_anwcu--- _acc----- _acl----- |
||
| 050 | 1 | 4 |
_a107 N 7629.2 _bJ91d 2002 |
| 100 | 1 | _aJuan, Adelaida de. | |
| 245 | 1 | 0 |
_aDel silencio al grito : _bmujeres en las artes plásticas / _cAdelaida de Juan. |
| 260 |
_aLa Habana, Cuba : _bEditorial Letras Cubanas, _cc2002. |
||
| 300 |
_a166 p. ; _c21 cm. |
||
| 546 | _aSpanish and some English. | ||
| 504 | _aIncludes bibliographical references (p. 161-166). | ||
| 650 | 0 | _aWomen in art. | |
| 650 | 0 |
_aWomen artists _zCuba. |
|
| 650 | 0 |
_aWomen artists _zCaribbean Area. |
|
| 650 | 0 |
_aWomen artists _zLatin America. |
|
| 650 | 0 |
_aWomen artists _vInterviews. |
|
| 942 |
_2lcc _cbk |
||
| 946 | _aclperez | ||
| 994 |
_aC0 _bDRFGD |
||
| 999 |
_c10308 _d10308 |
||